Roman Provinces Click Map Quiz - Statistics

General Stats
  • This quiz has been taken 197 times
  • The average score is 28 of 47
Answers on the Map
Answers color-coded by a green-red scale on the quiz's map according to % correct below.
 
Answer Stats
Answer % Correct
Britain
91%
Egypt
88%
Cyprus
79%
Judea
77%
Italy
76%
Africa
75%
Syria
74%
Gallia Belgica
73%
Sicily
72%
Armenia
70%
Crete and Cyrenaica
70%
Sardinia and Corsica
70%
Alpes Maritimae
68%
Dalmatia
67%
Hispania Baetica
67%
Macedonia
67%
Mauretania Caesariensis
67%
Mesopotamia
66%
Arabia Petraea
65%
Gallia Aquitania
65%
Gallia Narbonensis
64%
Assyria
63%
Gallia Lugdunensis
60%
Thracia
60%
Alpes Poeninae
59%
Asia
59%
Germania Inferior
56%
Hispania Tarraconensis
55%
Mauretania Tingitana
55%
Dacia
53%
Lusitania
53%
Bosporan Kingdom
50%
Epirus
50%
Germania Superior
49%
Achaea
48%
Alpes Cottiae
47%
Bithynia and Pontus
47%
Cappadocia
46%
Lycia and Pamphilia
43%
Cilicia
39%
Galatia
39%
Pannonia Superior
39%
Pannonia Inferior
38%
Raetia
38%
Noricum
36%
Moesia Superior
32%
Moesia Inferior
31%
No matching quizzes found
Score Distribution
Percent of People with Each Score
Percentile by Number Answered
Your Score History
You have not taken this quiz